| 000 | 00806nam a2200289Ia 4500 | ||
|---|---|---|---|
| 001 | 148257 | ||
| 003 | 241638 | ||
| 005 | 20240710164058.0 | ||
| 008 | 151121n ||||||||| 000 0 spa d | ||
| 020 | _a9786074016871 | ||
| 040 |
_aCO-BoESAP _bspa _cCO-BoESAP |
||
| 082 | _a353.6 | ||
| 100 |
_aChávez Carapia, Julia del Carmen _9181881 |
||
| 245 | 0 | _aAdministración pública y políticas de salud | |
| 250 | _aPrimera edición | ||
| 504 | _aIncluye notas a pie de página | ||
| 526 | _a9683 | ||
| 526 | _a51868 | ||
| 526 | _a | ||
| 562 | _e3 | ||
| 650 |
_aADMINISTRACIÓN HOSPITALARIA--MÉXICO _9181882 |
||
| 650 |
_aPOLÍTICA DE SALUD--MÉXICO _9181883 |
||
| 650 |
_aSALUD PÚBLICA--MÉXICO _9157713 |
||
| 942 |
_cBKM _2ddc |
||
| 999 |
_c148257 _d148257 |
||
| 526 | _a3899 | ||